Premières phrases de chansons Disney / Pixar #3 - Statistiques

Statistiques générales
  • Ce quiz a été pris 110 fois
  • Le résultat moyen est 12 sur 20
Statistiques - réponses
Première phrase Réponse % Correct
Un jour mon prince viendra Blanche neige et les sept nains
95%
Je n'ai jamais cru les hyènes essentielles Le roi lion
94%
Le bleu du ciel n’est pas le bleu de la mer Vaiana
88%
Nage droit d'vant toi Le monde de Nemo
83%
Il faut tuer cette bête qui viendra chez nous la nuit ! La belle et la bête
82%
Cruelle diablesse Les 101 dalmatiens
82%
Il n'y a rien à faire, avec ces païens d'Indiens ! Pocahontas
82%
Aie confiance Le livre de la jungle
81%
En r'tard, en r'tard Alice au pays des merveilles
80%
Ouvrez les volets dans le salon La reine des neiges
71%
Je suis malin, méchant, vilain Raiponce
65%
Mon bébé si joli Dumbo
62%
Oui je t’entends, mais c’est non La reine des neiges 2
54%
Je vole, comme un aigle Royal Aladdin
43%
Quand elle m’aimait encore Toy story 2
40%
Courage, petite soeur Bernard et Bianca
37%
Vois comme elle enflamme le ciel La princesse et la grenouille
36%
J'ai fait quelque chose d'inattendu Encanto
32%
Qui aime bien jouer avec moi ? Vice versa
27%
Hello, je veux te dire un secret Bienvenue chez les Robinson
4%
Aucun quiz correspondant
Distribution des résultats
% des personnes avec chaque résultat
Percentile par nombre de réponses
Votre historique - résultats
Vous n’avez pas pris ce quiz